Normal view
MARC view
- Project Supervisor ASST. PROFESSOR SOBIA HAYE
Entry Corporate Name
001 - CONTROL NUMBER
- control field: 128246
003 - CONTROL NUMBER IDENTIFIER
- control field: NUST
005 - DATE AND TIME OF LATEST TRANSACTION
- control field: 20250312130620.0
008 - FIXED-LENGTH DATA ELEMENTS
- fixed length control field: 250312|| aca||aabn | a|a d
040 ## - CATALOGING SOURCE
- Original cataloging agency: NUST
- Transcribing agency: NUST
110 ## - HEADING--CORPORATE NAME
- Corporate name or jurisdiction name as entry element: Project Supervisor ASST. PROFESSOR SOBIA HAYE
670 ## - SOURCE DATA FOUND
- Source citation: Work cat.: (NUST): Muhammad Saad Khan Abdul Moiz Lodhi Taiba Azam Sara Khan 128245, PR-SOF-2408-Autonomous Floor Cleaning Robot, 2024.
